000 01028nam a2200265 i 4500
003 DO-SdBNP
005 20240520083533.0
006 a||||gr|||| 00| 0
007 ta
008 240517e2000 dr aoc|| l||| 00| 0 spa d
040 _aDO-SdBNP
_bspa
_cBNPHU
_erda
082 4 _222
_aA185v
100 1 _aAcosta, Nelgia Altagracia
_937803
_eautora
245 1 0 _aValores y civismo 2do. grado /
_cNelgia altagracia Acosta; ilustración: Julio César Martínez.
264 _a[Santo Domingo] :
_bSusaeta,
_c2000
300 _a71 páginas :
_bilustraciones, fotografías, retratos ;
_c22 cm.
336 _2rdacontent
_atexto
_btxt
337 _2rdamedia
_asin mediación
_bn
338 _2rdacarrier
_avolumen
_bnc
505 _aPresentación.-- Bloque 1. Las realciones familiares.-- Bloque 2. Las relaciones en la escuela.-- Bloque 3. Las relaciones en mi comunidad.
590 _aInventariado 2024 / MF
650 4 _aEducación cívica
_xLibros texto
_979154
700 1 _aMartínez, Julio César
_91263
_eilustrador
942 _2ddc
_cLBS1
999 _c56692
_d56692